<?xml version="1.0" encoding="UTF-8"?>
<collection xmlns="http://www.loc.gov/MARC21/slim">
<record>
  <controlfield tag="001">253578</controlfield>
  <controlfield tag="005">20240928175053.0</controlfield>
  <datafield tag="035" ind1=" " ind2=" ">
    <subfield code="a">G:(GEPRIS)282896774</subfield>
  </datafield>
  <datafield tag="024" ind1="7" ind2=" ">
    <subfield code="a">G:(GEPRIS)282896774</subfield>
    <subfield code="d">282896774</subfield>
  </datafield>
  <datafield tag="040" ind1=" " ind2=" ">
    <subfield code="a">GEPRIS</subfield>
    <subfield code="c">http://gepris.its.kfa-juelich.de</subfield>
  </datafield>
  <datafield tag="150" ind1=" " ind2=" ">
    <subfield code="a">Die Rolle neuronaler RNA-Bindeproteine in der mRNA-Lokalization</subfield>
    <subfield code="y">2015 - 2024</subfield>
  </datafield>
  <datafield tag="371" ind1=" " ind2=" ">
    <subfield code="a">Professor Dr. Dierk Niessing</subfield>
  </datafield>
  <datafield tag="450" ind1=" " ind2=" ">
    <subfield code="a">DFG project G:(GEPRIS)282896774</subfield>
    <subfield code="w">d</subfield>
    <subfield code="y">2015 - 2024</subfield>
  </datafield>
  <datafield tag="510" ind1="1" ind2=" ">
    <subfield code="a">Deutsche Forschungsgemeinschaft</subfield>
    <subfield code="0">I:(DE-588b)2007744-0</subfield>
    <subfield code="b">DFG</subfield>
  </datafield>
  <datafield tag="550" ind1=" " ind2=" ">
    <subfield code="0">G:(GEPRIS)270067186</subfield>
    <subfield code="a">FOR 2333: Makromolekulare Komplexe in der mRNA Lokalisation</subfield>
    <subfield code="w">t</subfield>
  </datafield>
  <datafield tag="680" ind1=" " ind2=" ">
    <subfield code="a">Das Doppelstrang-RNA-Bindeprotein (dsRBP) Staufen2 (Stau2) spielt eine wichtige Rolle beim Transport von mRNAs in die Dendriten polarisierter Neuronen. Vor kurzem gelang es uns, die ersten physiologischen RNA-Bindepartner von Stau2 zu identifizieren. Darunter befand sich unter anderem die regulator of small G protein signaling (Rgs4) mRNA, welche mit neuropsychiatrischen Erkrankungen in Verbindung gebracht wird. Ziel dieses Projektes ist es zu verstehen, wie Stau2 spezifisch an die Rgs4 mRNA bindet und welche Folgen dies für das Transkript hat. Stau2 und das RBP Pumilio2 (Pum2) lassen sich gemeinsam in RNA-Partikeln von Säugerneuronen nachweisen. Erste Ergebnisse deuten zudem auf eine funktionale und physikalische Interaktion hin. Des Weiteren gelang uns der Nachweis, dass Stau2 in Pum2-defizienten Neuronen und Mäusen erheblich reduziert vorliegt. Wir möchten deshalb in diesem Projekt neben der Charakterisierung der Stau2-Bindung an die Rgs4 mRNA verstehen, welchen Einfluss Pum2 auf Stau2-vermittelte RNA-Bindung hat. Im Vordergrund steht hier ein mechanistisches Verständnis der Spezifität der Stau2-Rgs4 mRNA Bindung und der Folgen für die Stabilität und Lokalisation des Rgs4 Transkriptes.</subfield>
  </datafield>
  <datafield tag="909" ind1="C" ind2="O">
    <subfield code="o">oai:juser.fz-juelich.de:920180</subfield>
    <subfield code="p">authority:GRANT</subfield>
    <subfield code="p">authority</subfield>
  </datafield>
  <datafield tag="980" ind1=" " ind2=" ">
    <subfield code="a">G</subfield>
  </datafield>
  <datafield tag="980" ind1=" " ind2=" ">
    <subfield code="a">AUTHORITY</subfield>
  </datafield>
  <datafield tag="909" ind1="C" ind2="O">
    <subfield code="o">oai:juser.fz-juelich.de:920180</subfield>
  </datafield>
</record>
</collection>